| 000 | 01411cam a22003737a 4500 | ||
|---|---|---|---|
| 999 |
_c288 _d288 |
||
| 001 | 14804285 | ||
| 003 | OSt | ||
| 005 | 20190805111843.0 | ||
| 008 | 070411s2007 enka b 001 0beng | ||
| 010 | _a 2007296423 | ||
| 015 |
_aGBA660476 _2bnb |
||
| 016 | 7 |
_a013507429 _2Uk |
|
| 020 | _a0199298033 (pbk.) | ||
| 020 | _a9780199298037 (pbk.) | ||
| 035 | _a(OCoLC)ocm70401470 | ||
| 035 | _a(OCoLC)70401470 | ||
| 040 |
_aUKM _cUKM _dBAKER _dBWKUK _dYDXCP _dDLC |
||
| 042 | _alccopycat | ||
| 082 | 0 | 4 |
_a509.2 ILI _222 |
| 100 | 1 |
_aIliffe, Rob. _eauthor |
|
| 245 | 1 | 0 |
_aNewton : _ba very short introduction / _cRob Iliffe. |
| 260 |
_aOxford ; _aNew York : _bOxford University Press, _c2007. |
||
| 300 |
_a141 p. : _bill. ; _c18 cm. |
||
| 440 | 0 | _aVery short introductions | |
| 504 | _aIncludes bibliographical references (p. 133-134) and index. | ||
| 600 | 1 | 0 |
_aNewton, Isaac, _d1642-1727. |
| 650 | 0 |
_aScientists _zGreat Britain _vBiography. |
|
| 856 | 4 | 1 |
_3Table of contents only _uhttp://www.loc.gov/catdir/enhancements/fy0713/2007296423-t.html |
| 856 | 4 | 2 |
_3Contributor biographical information _uhttp://www.loc.gov/catdir/enhancements/fy0725/2007296423-b.html |
| 856 | 4 | 2 |
_3Publisher description _uhttp://www.loc.gov/catdir/enhancements/fy0725/2007296423-d.html |
| 906 |
_a7 _bcbc _ccopycat _d3 _encip _f20 _gy-gencatlg |
||
| 942 |
_2ddc _cNFIC |
||